000 00299 a2200157 4500
001 172522
020 _a
040 _cMagnum
100 _aSouza, Valeria
240 1 0 _aGato sapeca
_lpor
245 1 0 _aGato sapeca
362 0 _a1899
440 1 _aModerna
697 _aI/ANIMAIS
942 _cBK
999 _c172522
_d172522